000 00434nam a22001697a 4500
003 SGT
020 _a9789389859975
082 _a617.96
_bM21C
100 _aCHU, LARRY F.
245 _aMANUAL OF MIKHAIL'S CLINICAL ANESTHESIOLOGY
250 _a2ND
260 _aPHILADELPHIA
_bWOLTERS KALUWER PUB
_c2021
300 _a1561
650 _aANESTHESIOLOGY
653 _aMANUAL OF MIKHAIL'S CLINICAL ANESTHESIOLOGY
942 _2ddc
_cBK
999 _c30516
_d30516